| 000 | 00661nam a22001817a 4500 | ||
|---|---|---|---|
| 999 |
_c190979 _d190979 |
||
| 005 | 20220816163720.0 | ||
| 010 | _aB-745318 | ||
| 020 |
_a9789390906932 _c225.00 |
||
| 035 | _aB-745318 | ||
| 037 | _bPrabhat Exam | ||
| 100 | _aChauhan, Gautam | ||
| 245 |
_aNDA/NA SSB: _bInterview Guide Also for IMA,OTA,AFA and other Competitive Examinations / _cGautam Chauhan |
||
| 260 |
_aNew Delhi _bPrabhat Exam |
||
| 270 |
_a4/19 Asaf Ali Road New Delhi _bNew Delhi _e110002 _k7827007777 _mprabhatbooks@gmail.com |
||
| 300 |
_a238p. _c28cm(pbk) |
||
| 942 |
_2ddc _cEN _mCHA _h000 |
||